[Event "DEM U18 2021"]
[Site "Willingen GER"]
[Date "2021.08.24"]
[Round "3"]
[White "Suvorov, Alexander"]
[Black "Stork, Oliver"]
[Result "1-0"]
[Termination "normal"]
[Board "1"]
[WhiteTitle "FM"]
[BlackTitle "FM"]
[WhiteElo "2333"]
[BlackElo "2365"]
[WhiteClock "00:02:18"]
[BlackClock "00:14:27"]
[PlyCount "127"]
[WhiteFideId "12977063"]
[BlackFideId "12955728"]
[EventCountry "GER"]
[EventRounds "9"]
[EventType "swiss"]
[EventDate "2021.08.22"]

1. c4 {[%clk 1:30:53]} e6 {[%clk 1:30:29]} 2. Nc3 {[%clk 1:30:52]} d5 {[%clk
1:30:51]} 3. d4 {[%clk 1:31:04]} c6 {[%clk 1:31:15]} 4. e3 {[%clk 1:31:15]} Nf6
{[%clk 1:31:22]} 5. Nf3 {[%clk 1:31:22]} Nbd7 {[%clk 1:31:23]} 6. Qc2 {[%clk
1:31:29]} Bd6 {[%clk 1:31:32]} 7. Bd3 {[%clk 1:31:38]} O-O {[%clk 1:31:31]} 8.
O-O {[%clk 1:31:40]} e5 {[%clk 1:31:16]} 9. cxd5 {[%clk 1:30:04]} cxd5 {[%clk
1:31:39]} 10. e4 {[%clk 1:28:52]} exd4 {[%clk 1:31:26]} 11. Nxd5 {[%clk
1:26:16]} Nxd5 {[%clk 1:31:23]} 12. exd5 {[%clk 1:26:37]} h6 {[%clk 1:31:09]}
13. Nxd4 {[%clk 1:06:22]} Qh4 {[%clk 1:30:53]} 14. Nf3 {[%clk 1:06:05]} Qh5
{[%clk 1:31:16]} 15. Be3 {[%clk 0:36:31]} Nf6 {[%clk 1:27:42]} 16. Bc5 {[%clk
0:35:10]} Bxc5 {[%clk 1:21:39]} 17. Qxc5 {[%clk 0:35:35]} Rd8 {[%clk 1:17:27]}
18. Rfe1 {[%clk 0:29:37]} Rxd5 {[%clk 1:09:32]} 19. Qa3 {[%clk 0:28:10]} Bg4
{[%clk 1:06:08]} 20. Be2 {[%clk 0:24:34]} Re8 {[%clk 0:52:47]} 21. h3 {[%clk
0:19:52]} Bd7 {[%clk 0:46:39]} 22. Qxa7 {[%clk 0:17:13]} Bxh3 {[%clk 0:43:04]}
23. Bf1 {[%clk 0:11:28]} Be6 {[%clk 0:30:42]} 24. Qxb7 {[%clk 0:10:27]} Ng4
{[%clk 0:28:50]} 25. Qc7 {[%clk 0:08:03]} Rc5 {[%clk 0:22:39]} 26. Qf4 {[%clk
0:05:17]} Rc2 {[%clk 0:22:15]} 27. Re2 {[%clk 0:04:56]} Rxe2 {[%clk 0:22:07]}
28. Bxe2 {[%clk 0:05:25]} Qc5 {[%clk 0:15:58]} 29. Nd4 {[%clk 0:04:44]} Nf6
{[%clk 0:13:20]} 30. Nxe6 {[%clk 0:04:22]} Rxe6 {[%clk 0:13:49]} 31. Bf3 {[%clk
0:04:13]} Rb6 {[%clk 0:12:25]} 32. Qd2 {[%clk 0:04:11]} g5 {[%clk 0:11:32]} 33.
g3 {[%clk 0:03:42]} Rd6 {[%clk 0:08:38]} 34. Qc3 {[%clk 0:03:45]} Qf5 {[%clk
0:09:01]} 35. Rc1 {[%clk 0:02:22]} Kg7 {[%clk 0:05:23]} 36. Bg2 {[%clk
0:02:36]} Re6 {[%clk 0:04:42]} 37. Re1 {[%clk 0:01:43]} Rd6 {[%clk 0:03:31]}
38. b4 {[%clk 0:01:48]} Qd7 {[%clk 0:01:50]} 39. Bf1 {[%clk 0:01:01]} Rd2
{[%clk 0:00:46]} 40. a4 {[%clk 0:01:10]} Kg6 {[%clk 0:00:34]} 41. b5 {[%clk
0:25:22]} Ra2 {[%clk 0:25:28]} 42. a5 {[%clk 0:20:31]} Kg7 {[%clk 0:20:50]} 43.
Ra1 {[%clk 0:10:41]} Rxa1 {[%clk 0:18:39]} 44. Qxa1 {[%clk 0:10:51]} Qd2 {[%clk
0:19:02]} 45. a6 {[%clk 0:09:16]} Kg6 {[%clk 0:19:14]} 46. Qb1+ {[%clk
0:09:04]} Kg7 {[%clk 0:18:02]} 47. a7 {[%clk 0:07:35]} Qa5 {[%clk 0:16:26]} 48.
b6 {[%clk 0:05:11]} Nd7 {[%clk 0:16:47]} 49. Qb5 {[%clk 0:02:36]} Qxb5 {[%clk
0:16:43]} 50. Bxb5 {[%clk 0:03:04]} Nxb6 {[%clk 0:17:07]} 51. Bc6 {[%clk
0:03:28]} Kf6 {[%clk 0:16:32]} 52. a8=Q {[%clk 0:03:54]} Nxa8 {[%clk 0:16:58]}
53. Bxa8 {[%clk 0:04:23]} Ke5 {[%clk 0:17:17]} 54. Kf1 {[%clk 0:03:25]} Kd4
{[%clk 0:15:41]} 55. Ke2 {[%clk 0:03:37]} f5 {[%clk 0:15:31]} 56. Bb7 {[%clk
0:03:05]} h5 {[%clk 0:15:02]} 57. Bc8 {[%clk 0:02:50]} Ke4 {[%clk 0:15:27]} 58.
f3+ {[%clk 0:02:28]} Ke5 {[%clk 0:15:51]} 59. Ke3 {[%clk 0:02:54]} Kf6 {[%clk
0:15:39]} 60. Kd4 {[%clk 0:02:44]} h4 {[%clk 0:15:21]} 61. gxh4 {[%clk
0:02:53]} gxh4 {[%clk 0:15:15]} 62. f4 {[%clk 0:02:32]} h3 {[%clk 0:14:43]} 63.
Bb7 {[%clk 0:02:05]} h2 {[%clk 0:14:27]} 64. Bf3 {[%clk 0:02:18]} 1-0

[Event "DEM U18 2021"]
[Site "Willingen GER"]
[Date "2021.08.24"]
[Round "3"]
[White "Suvorov, Luca"]
[Black "Wachinger, Nikolas"]
[Result "1/2-1/2"]
[Termination "normal"]
[Board "2"]
[WhiteTitle "FM"]
[WhiteElo "2292"]
[BlackElo "2361"]
[WhiteClock "00:01:48"]
[BlackClock "00:03:22"]
[PlyCount "120"]
[WhiteFideId "12977071"]
[BlackFideId "12962791"]
[EventCountry "GER"]
[EventRounds "9"]
[EventType "swiss"]
[EventDate "2021.08.22"]

1. e4 {[%clk 1:30:58]} c5 {[%clk 1:30:14]} 2. Nf3 {[%clk 1:31:20]} d6 {[%clk
1:29:44]} 3. d4 {[%clk 1:31:39]} cxd4 {[%clk 1:30:06]} 4. Nxd4 {[%clk 1:32:00]}
Nf6 {[%clk 1:30:29]} 5. Nc3 {[%clk 1:32:17]} a6 {[%clk 1:29:52]} 6. Bg5 {[%clk
1:32:16]} e6 {[%clk 1:29:16]} 7. f4 {[%clk 1:31:51]} Be7 {[%clk 1:26:49]} 8.
Qf3 {[%clk 1:28:01]} Qc7 {[%clk 1:27:11]} 9. O-O-O {[%clk 1:27:27]} Nbd7 {[%clk
1:27:34]} 10. g4 {[%clk 1:24:54]} b5 {[%clk 1:27:58]} 11. Bxf6 {[%clk 1:19:08]}
Nxf6 {[%clk 1:28:19]} 12. g5 {[%clk 1:08:36]} Nd7 {[%clk 1:26:00]} 13. f5
{[%clk 1:01:18]} Bxg5+ {[%clk 1:26:17]} 14. Kb1 {[%clk 1:01:41]} Ne5 {[%clk
1:26:41]} 15. Qh5 {[%clk 0:50:24]} h6 {[%clk 1:27:04]} 16. Nxe6 {[%clk
0:39:11]} Bxe6 {[%clk 1:27:27]} 17. fxe6 {[%clk 0:39:33]} g6 {[%clk 1:27:42]}
18. exf7+ {[%clk 0:25:40]} Kxf7 {[%clk 1:27:48]} 19. Qe2 {[%clk 0:25:34]} Qd8
{[%clk 0:32:15]} 20. Qf2+ {[%clk 0:10:36]} Kg7 {[%clk 0:20:46]} 21. h4 {[%clk
0:06:30]} Rf8 {[%clk 0:16:55]} 22. Qg3 {[%clk 0:05:43]} Rf3 {[%clk 0:12:17]}
23. Qe1 {[%clk 0:05:01]} Bf4 {[%clk 0:11:39]} 24. Be2 {[%clk 0:04:14]} Bg3
{[%clk 0:11:41]} 25. Qd2 {[%clk 0:03:27]} Nc4 {[%clk 0:12:08]} 26. Bxc4 bxc4
27. h5 {[%clk 0:02:35]} g5 {[%clk 0:12:00]} 28. Ne2 {[%clk 0:02:15]} Be5 {[%clk
0:10:59]} 29. Nd4 {[%clk 0:02:21]} c3 {[%clk 0:10:22]} 30. Qe2 {[%clk 0:00:52]}
Rf6 {[%clk 0:10:08]} 31. Nf5+ {[%clk 0:00:51]} Kh7 {[%clk 0:07:19]} 32. Qc4
{[%clk 0:01:02]} cxb2 {[%clk 0:04:19]} 33. Rd5 {[%clk 0:01:05]} Rc8 {[%clk
0:04:21]} 34. Qxa6 {[%clk 0:00:46]} Qc7 {[%clk 0:04:37]} 35. Qd3 {[%clk
0:00:50]} Ra8 {[%clk 0:04:13]} 36. Rd1 {[%clk 0:00:42]} Qa7 {[%clk 0:02:45]}
37. Qb3 {[%clk 0:00:38]} Rb8 {[%clk 0:01:47]} 38. Rb5 {[%clk 0:00:37]} Rxb5
{[%clk 0:01:30]} 39. Qxb5 {[%clk 0:01:05]} Qf7 {[%clk 0:01:25]} 40. a4 {[%clk
0:00:40]} Qxh5 {[%clk 0:01:25]} 41. Rf1 {[%clk 0:28:49]} g4 {[%clk 0:24:44]}
42. a5 {[%clk 0:04:48]} Rf7 {[%clk 0:12:11]} 43. Qb3 {[%clk 0:02:01]} g3 {[%clk
0:11:50]} 44. Rg1 {[%clk 0:01:51]} g2 {[%clk 0:11:09]} 45. c3 {[%clk 0:01:36]}
d5 {[%clk 0:10:23]} 46. Qxb2 {[%clk 0:00:34]} dxe4 {[%clk 0:10:14]} 47. Qxg2
{[%clk 0:00:39]} Rb7+ {[%clk 0:10:31]} 48. Kc2 {[%clk 0:00:37]} Qf7 {[%clk
0:04:22]} 49. Qxe4 {[%clk 0:00:37]} Qb3+ {[%clk 0:04:47]} 50. Kd2 {[%clk
0:00:49]} Qxc3+ {[%clk 0:04:29]} 51. Kd1 {[%clk 0:00:54]} Qa1+ {[%clk 0:04:44]}
52. Ke2 {[%clk 0:00:36]} Rb2+ {[%clk 0:04:50]} 53. Kf3 {[%clk 0:01:01]} Qxg1
{[%clk 0:03:59]} 54. Ng3+ {[%clk 0:01:18]} Kg8 {[%clk 0:04:06]} 55. Qd5+ {[%clk
0:00:51]} Kf8 {[%clk 0:04:03]} 56. Qd8+ {[%clk 0:00:53]} Kf7 {[%clk 0:04:27]}
57. Qd7+ {[%clk 0:01:08]} Kf8 {[%clk 0:03:11]} 58. Qf5+ {[%clk 0:01:02]} Kg8
{[%clk 0:03:03]} 59. Qe6+ {[%clk 0:01:25]} Kh7 {[%clk 0:03:00]} 60. Qf5+ {[%clk
0:01:48]} Kg8 {[%clk 0:03:22]} 1/2-1/2

[Event "DEM U18 2021"]
[Site "Willingen GER"]
[Date "2021.08.24"]
[Round "3"]
[White "Kölle, Tobias"]
[Black "Schmitt, Daniel"]
[Result "1-0"]
[Termination "normal"]
[Board "3"]
[WhiteTitle "FM"]
[WhiteElo "2312"]
[BlackElo "1966"]
[WhiteClock "00:13:56"]
[BlackClock "00:00:39"]
[PlyCount "51"]
[WhiteFideId "16207378"]
[BlackFideId "16279018"]
[EventCountry "GER"]
[EventRounds "9"]
[EventType "swiss"]
[EventDate "2021.08.22"]

1. d4 {[%clk 1:30:58]} d5 {[%clk 1:30:54]} 2. c4 {[%clk 1:31:22]} e6 {[%clk
1:31:18]} 3. Nc3 {[%clk 1:31:47]} c6 {[%clk 1:31:42]} 4. e3 {[%clk 1:30:25]}
Nf6 {[%clk 1:31:54]} 5. Nf3 {[%clk 1:29:55]} Nbd7 {[%clk 1:31:54]} 6. Bd3
{[%clk 1:28:33]} dxc4 {[%clk 1:31:52]} 7. Bxc4 {[%clk 1:28:49]} b5 {[%clk
1:32:14]} 8. Bd3 {[%clk 1:27:19]} Bb7 {[%clk 1:32:17]} 9. O-O {[%clk 1:26:31]}
a6 {[%clk 1:30:52]} 10. Qe2 {[%clk 1:10:14]} Bd6 {[%clk 1:25:49]} 11. e4 {[%clk
0:54:44]} e5 {[%clk 1:17:33]} 12. dxe5 {[%clk 0:51:44]} Nxe5 {[%clk 1:16:49]}
13. Nxe5 {[%clk 0:52:06]} Bxe5 {[%clk 1:17:12]} 14. Be3 {[%clk 0:49:08]} Qe7
{[%clk 1:12:15]} 15. Rae1 {[%clk 0:36:43]} O-O {[%clk 0:56:48]} 16. Bg5 {[%clk
0:33:43]} Qc5 {[%clk 0:41:05]} 17. Bxf6 {[%clk 0:31:33]} Bxf6 {[%clk 0:40:56]}
18. e5 {[%clk 0:31:45]} Rfe8 {[%clk 0:29:59]} 19. Bxh7+ {[%clk 0:30:50]} Kf8
{[%clk 0:22:29]} 20. Bb1 {[%clk 0:24:57]} Qxe5 {[%clk 0:16:55]} 21. Qd1 {[%clk
0:22:34]} Qf4 {[%clk 0:13:04]} 22. Qd7 {[%clk 0:20:39]} Rxe1 {[%clk 0:09:42]}
23. Rxe1 {[%clk 0:20:58]} Rb8 {[%clk 0:08:42]} 24. Ne4 {[%clk 0:17:13]} c5
{[%clk 0:02:04]} 25. Nd6 {[%clk 0:13:32]} g6 {[%clk 0:00:39]} 26. Qxf7# {[%clk
0:13:56]} 1-0

[Event "DEM U18 2021"]
[Site "Willingen GER"]
[Date "2021.08.24"]
[Round "3"]
[White "Hofmann, Lorenz"]
[Black "Fromm, Marius"]
[Result "0-1"]
[Termination "normal"]
[Board "4"]
[BlackTitle "FM"]
[WhiteElo "2071"]
[BlackElo "2342"]
[WhiteClock "00:19:09"]
[BlackClock "00:55:34"]
[PlyCount "94"]
[WhiteFideId "12995509"]
[BlackFideId "12993190"]
[EventCountry "GER"]
[EventRounds "9"]
[EventType "swiss"]
[EventDate "2021.08.22"]

1. e4 {[%clk 1:30:59]} c5 {[%clk 1:30:50]} 2. Nc3 {[%clk 1:31:26]} a6 {[%clk
1:29:01]} 3. Nge2 {[%clk 1:29:36]} d6 {[%clk 1:28:38]} 4. g3 {[%clk 1:26:09]}
Nf6 {[%clk 1:26:34]} 5. Bg2 {[%clk 1:26:29]} Nc6 {[%clk 1:26:43]} 6. O-O {[%clk
1:22:10]} g6 {[%clk 1:26:58]} 7. d4 {[%clk 1:21:41]} cxd4 {[%clk 1:27:22]} 8.
Nxd4 {[%clk 1:22:09]} Bd7 {[%clk 1:26:55]} 9. h3 {[%clk 1:20:56]} Bg7 {[%clk
1:27:17]} 10. Be3 {[%clk 1:21:18]} O-O {[%clk 1:26:35]} 11. Qd2 {[%clk
1:21:24]} Rc8 {[%clk 1:23:07]} 12. Rad1 {[%clk 1:08:36]} Re8 {[%clk 1:17:43]}
13. Bh6 {[%clk 0:55:41]} Bxh6 {[%clk 1:09:05]} 14. Qxh6 {[%clk 0:55:44]} Nxd4
{[%clk 1:09:30]} 15. Rxd4 {[%clk 0:56:09]} Qb6 {[%clk 1:09:53]} 16. Rd2 {[%clk
0:48:44]} Qxb2 {[%clk 1:09:46]} 17. Nd1 {[%clk 0:48:30]} Qxa2 {[%clk 1:06:06]}
18. Ne3 {[%clk 0:43:45]} Rc5 {[%clk 1:03:20]} 19. h4 {[%clk 0:37:41]} Bc6
{[%clk 1:02:46]} 20. Rd4 {[%clk 0:34:48]} Qe6 {[%clk 1:01:21]} 21. c4 {[%clk
0:29:03]} Ng4 {[%clk 0:56:58]} 22. Nxg4 {[%clk 0:27:09]} Qxg4 {[%clk 0:57:23]}
23. Kh2 {[%clk 0:25:24]} Qe6 {[%clk 0:54:53]} 24. Qe3 {[%clk 0:22:16]} a5
{[%clk 0:51:38]} 25. Bh3 {[%clk 0:20:44]} Qf6 {[%clk 0:51:58]} 26. f4 {[%clk
0:14:25]} a4 {[%clk 0:50:56]} 27. f5 {[%clk 0:13:27]} Qe5 {[%clk 0:49:51]} 28.
h5 {[%clk 0:10:15]} Rf8 {[%clk 0:42:00]} 29. Bg4 {[%clk 0:06:45]} Kg7 {[%clk
0:38:44]} 30. Kg2 {[%clk 0:04:13]} f6 {[%clk 0:32:54]} 31. hxg6 {[%clk
0:04:16]} hxg6 {[%clk 0:33:17]} 32. fxg6 {[%clk 0:02:55]} Qg5 {[%clk 0:33:42]}
33. Qe2 {[%clk 0:02:33]} f5 {[%clk 0:32:48]} 34. Bf3 {[%clk 0:02:24]} f4 {[%clk
0:33:04]} 35. g4 {[%clk 0:01:27]} Rh8 {[%clk 0:33:29]} 36. Rh1 {[%clk 0:01:25]}
Rxh1 {[%clk 0:33:43]} 37. Kxh1 {[%clk 0:01:52]} Ra5 {[%clk 0:32:47]} 38. Rd1
{[%clk 0:01:49]} Ra8 {[%clk 0:32:34]} 39. Kg2 {[%clk 0:01:59]} Rh8 {[%clk
0:32:41]} 40. Qb2+ {[%clk 0:01:30]} Qe5 {[%clk 0:31:36]} 41. Qb1 {[%clk
0:00:55]} Kxg6 {[%clk 0:30:43]} 42. Re1 {[%clk 0:28:30]} a3 {[%clk 1:00:04]}
43. Re2 {[%clk 0:27:42]} Ra8 {[%clk 0:59:55]} 44. Qb3 {[%clk 0:26:39]} Kg7
{[%clk 0:55:51]} 45. Ra2 {[%clk 0:21:18]} Qd4 {[%clk 0:54:50]} 46. Rxa3 {[%clk
0:20:33]} Qd2+ {[%clk 0:55:10]} 47. Kh3 {[%clk 0:19:09]} Rh8# {[%clk 0:55:34]}
0-1

[Event "DEM U18 2021"]
[Site "Willingen GER"]
[Date "2021.08.24"]
[Round "3"]
[White "Richter, Nils"]
[Black "Woelk, Tom-Frederic"]
[Result "1/2-1/2"]
[Termination "normal"]
[Board "5"]
[WhiteTitle "FM"]
[BlackTitle "FM"]
[WhiteElo "2292"]
[BlackElo "2314"]
[WhiteClock "00:21:28"]
[BlackClock "00:19:48"]
[PlyCount "43"]
[WhiteFideId "12990809"]
[BlackFideId "12993077"]
[EventCountry "GER"]
[EventRounds "9"]
[EventType "swiss"]
[EventDate "2021.08.22"]

1. c4 {[%clk 1:30:59]} e6 {[%clk 1:30:44]} 2. Nf3 {[%clk 1:31:01]} d5 {[%clk
1:31:01]} 3. g3 {[%clk 1:31:19]} a6 {[%clk 1:22:36]} 4. b3 {[%clk 1:26:01]}
dxc4 {[%clk 1:17:16]} 5. bxc4 {[%clk 1:26:01]} c5 {[%clk 1:15:50]} 6. Bg2
{[%clk 1:25:00]} Nc6 {[%clk 1:16:15]} 7. Bb2 {[%clk 1:21:18]} Bd7 {[%clk
1:13:10]} 8. O-O {[%clk 1:20:22]} Nf6 {[%clk 1:12:43]} 9. e3 {[%clk 1:10:48]}
Rc8 {[%clk 1:09:47]} 10. Nc3 {[%clk 1:03:38]} Be7 {[%clk 1:08:50]} 11. Qe2
{[%clk 1:02:16]} Qc7 {[%clk 1:03:40]} 12. Ne1 {[%clk 0:59:08]} O-O {[%clk
0:47:27]} 13. f4 {[%clk 0:59:20]} Ne8 {[%clk 0:40:13]} 14. g4 {[%clk 0:46:16]}
Nd6 {[%clk 0:38:44]} 15. a4 {[%clk 0:38:36]} Rfd8 {[%clk 0:23:08]} 16. d3
{[%clk 0:37:08]} Rb8 {[%clk 0:23:13]} 17. Nf3 {[%clk 0:34:33]} b5 {[%clk
0:21:52]} 18. axb5 {[%clk 0:32:43]} axb5 {[%clk 0:22:20]} 19. Ne5 {[%clk
0:28:44]} bxc4 {[%clk 0:21:47]} 20. Nxc4 {[%clk 0:27:54]} Nxc4 {[%clk 0:20:17]}
21. dxc4 {[%clk 0:28:22]} Na5 {[%clk 0:19:48]} 22. Ra2 {[%clk 0:21:28]} 1/2-1/2

[Event "DEM U18 2021"]
[Site "Willingen GER"]
[Date "2021.08.24"]
[Round "3"]
[White "Nguyen, Alex Dac-Vuong"]
[Black "Dahl, Christoph"]
[Result "0-1"]
[Termination "normal"]
[Board "6"]
[WhiteTitle "FM"]
[WhiteElo "2290"]
[BlackElo "2284"]
[WhiteClock "00:02:17"]
[BlackClock "00:10:18"]
[PlyCount "142"]
[WhiteFideId "12984388"]
[BlackFideId "16240235"]
[EventCountry "GER"]
[EventRounds "9"]
[EventType "swiss"]
[EventDate "2021.08.22"]

1. e4 {[%clk 1:30:57]} e5 {[%clk 1:30:43]} 2. Nf3 {[%clk 1:31:22]} Nc6 {[%clk
1:31:02]} 3. Bb5 {[%clk 1:31:46]} a6 {[%clk 1:30:55]} 4. Ba4 {[%clk 1:32:10]}
Nf6 {[%clk 1:30:41]} 5. O-O {[%clk 1:32:32]} Nxe4 {[%clk 1:30:27]} 6. d4 {[%clk
1:32:40]} b5 {[%clk 1:30:21]} 7. Bb3 {[%clk 1:33:05]} d5 {[%clk 1:30:45]} 8.
dxe5 {[%clk 1:33:29]} Be6 {[%clk 1:30:30]} 9. Nbd2 {[%clk 1:33:53]} Nc5 {[%clk
1:29:21]} 10. c3 {[%clk 1:26:27]} d4 {[%clk 1:26:16]} 11. Bxe6 {[%clk 1:14:27]}
Nxe6 {[%clk 1:25:58]} 12. cxd4 {[%clk 1:14:33]} Ncxd4 {[%clk 1:24:55]} 13. Ne4
{[%clk 1:06:37]} Be7 {[%clk 1:20:09]} 14. Be3 {[%clk 0:55:53]} Nf5 {[%clk
1:07:57]} 15. Qe2 {[%clk 0:54:24]} O-O {[%clk 1:05:08]} 16. Rfd1 {[%clk
0:53:43]} Qc8 {[%clk 1:04:41]} 17. Rac1 {[%clk 0:53:27]} Qb7 {[%clk 1:03:00]}
18. Bc5 {[%clk 0:49:57]} Rfd8 {[%clk 0:58:39]} 19. Qc2 {[%clk 0:46:23]} Qc6
{[%clk 0:53:51]} 20. Nc3 {[%clk 0:27:15]} Nxc5 {[%clk 0:48:25]} 21. Qxf5 {[%clk
0:26:36]} b4 {[%clk 0:47:23]} 22. Ne2 {[%clk 0:25:01]} Qa4 {[%clk 0:43:38]} 23.
Qb1 {[%clk 0:24:14]} g6 {[%clk 0:37:57]} 24. b3 {[%clk 0:24:31]} Qc6 {[%clk
0:36:46]} 25. Ned4 {[%clk 0:23:03]} Qb6 {[%clk 0:29:23]} 26. Qc2 {[%clk
0:22:18]} Rd7 {[%clk 0:23:51]} 27. Rd2 {[%clk 0:12:51]} Rad8 {[%clk 0:23:26]}
28. Rcd1 {[%clk 0:13:17]} Qb7 {[%clk 0:21:11]} 29. Ne2 {[%clk 0:12:22]} Rxd2
{[%clk 0:20:35]} 30. Rxd2 {[%clk 0:12:50]} Rxd2 {[%clk 0:20:21]} 31. Nxd2
{[%clk 0:09:59]} Qd5 {[%clk 0:20:38]} 32. Nc4 {[%clk 0:10:23]} Ne4 {[%clk
0:09:24]} 33. Kf1 {[%clk 0:08:24]} Bc5 {[%clk 0:09:16]} 34. f3 {[%clk 0:08:31]}
Nc3 {[%clk 0:09:41]} 35. Qd2 {[%clk 0:00:44]} Qxd2 {[%clk 0:09:51]} 36. Nxd2
{[%clk 0:01:13]} Nxa2 {[%clk 0:10:12]} 37. Ne4 {[%clk 0:00:34]} Be3 {[%clk
0:07:48]} 38. Nf6+ {[%clk 0:00:31]} Kf8 {[%clk 0:07:24]} 39. Nd5 {[%clk
0:00:55]} Bd2 {[%clk 0:07:47]} 40. Nxc7 {[%clk 0:00:35]} a5 {[%clk 0:08:11]}
41. Nd4 {[%clk 0:23:38]} Bf4 {[%clk 0:32:40]} 42. Nc6 {[%clk 0:13:56]} Bxh2
{[%clk 0:22:28]} 43. Ke1 {[%clk 0:08:16]} Nc3 {[%clk 0:07:58]} 44. Kd2 {[%clk
0:08:29]} a4 {[%clk 0:08:12]} 45. bxa4 {[%clk 0:07:35]} Nxa4 {[%clk 0:08:36]}
46. Nxb4 {[%clk 0:07:46]} Bxe5 {[%clk 0:08:59]} 47. Ncd5 {[%clk 0:08:08]} Nc5
{[%clk 0:08:38]} 48. Ke3 {[%clk 0:07:55]} h5 {[%clk 0:06:37]} 49. g4 {[%clk
0:06:02]} h4 {[%clk 0:06:04]} 50. f4 {[%clk 0:06:23]} Bd6 {[%clk 0:06:30]} 51.
Kf3 {[%clk 0:06:36]} Ne6 {[%clk 0:06:08]} 52. Nd3 {[%clk 0:07:02]} g5 {[%clk
0:06:10]} 53. fxg5 {[%clk 0:06:26]} Nxg5+ {[%clk 0:06:35]} 54. Kg2 {[%clk
0:06:45]} h3+ {[%clk 0:06:58]} 55. Kh1 {[%clk 0:05:36]} Ne4 {[%clk 0:07:04]}
56. N3f4 {[%clk 0:03:03]} Ng3+ {[%clk 0:07:05]} 57. Kg1 {[%clk 0:03:28]} h2+
{[%clk 0:07:28]} 58. Kxh2 {[%clk 0:03:55]} Ne2 {[%clk 0:07:54]} 59. Kh1 {[%clk
0:04:13]} Nxf4 {[%clk 0:08:17]} 60. Ne3 {[%clk 0:04:29]} Ke7 {[%clk 0:07:14]}
61. Nf5+ {[%clk 0:04:42]} Ke6 {[%clk 0:07:34]} 62. Kh2 {[%clk 0:05:07]} Ng6+
{[%clk 0:07:20]} 63. Kh3 {[%clk 0:05:00]} Ne7 {[%clk 0:07:42]} 64. Ng7+ {[%clk
0:04:36]} Kf6 {[%clk 0:07:47]} 65. Ne8+ {[%clk 0:05:01]} Ke5 {[%clk 0:08:15]}
66. Kh4 {[%clk 0:03:37]} Ng6+ {[%clk 0:08:19]} 67. Kh5 {[%clk 0:03:01]} Bf8
{[%clk 0:08:45]} 68. Kg5 {[%clk 0:02:28]} Nf4 {[%clk 0:09:06]} 69. Kh4 {[%clk
0:02:35]} Ne6 {[%clk 0:09:32]} 70. Kg3 {[%clk 0:01:53]} Be7 {[%clk 0:09:54]}
71. Kf3 {[%clk 0:02:17]} Kd5 {[%clk 0:10:18]} 0-1

[Event "DEM U18 2021"]
[Site "Willingen GER"]
[Date "2021.08.24"]
[Round "3"]
[White "Kolb, Tobias"]
[Black "Bethke, Robert"]
[Result "1-0"]
[Termination "normal"]
[Board "7"]
[WhiteTitle "FM"]
[WhiteElo "2307"]
[BlackElo "2100"]
[WhiteClock "00:26:04"]
[BlackClock "00:26:28"]
[PlyCount "105"]
[WhiteFideId "12992321"]
[BlackFideId "12959251"]
[EventCountry "GER"]
[EventRounds "9"]
[EventType "swiss"]
[EventDate "2021.08.22"]

1. d4 {[%clk 1:30:59]} d5 {[%clk 1:30:55]} 2. c4 {[%clk 1:31:25]} c6 {[%clk
1:31:15]} 3. cxd5 {[%clk 1:31:51]} cxd5 {[%clk 1:31:40]} 4. Bf4 {[%clk
1:32:16]} Nf6 {[%clk 1:31:56]} 5. e3 {[%clk 1:32:43]} Nc6 {[%clk 1:31:45]} 6.
Nc3 {[%clk 1:33:09]} Bf5 {[%clk 1:30:57]} 7. Qb3 {[%clk 1:33:26]} Na5 {[%clk
1:30:22]} 8. Qa4+ {[%clk 1:33:44]} Bd7 {[%clk 1:29:34]} 9. Qc2 {[%clk 1:34:09]}
e6 {[%clk 1:27:48]} 10. Bd3 {[%clk 1:32:53]} Rc8 {[%clk 1:24:03]} 11. Nf3
{[%clk 1:32:11]} Bb4 {[%clk 1:22:20]} 12. O-O {[%clk 1:31:39]} O-O {[%clk
1:22:15]} 13. Ne5 {[%clk 1:26:10]} h6 {[%clk 1:19:08]} 14. h3 {[%clk 1:22:00]}
Nc4 {[%clk 1:06:53]} 15. Bxc4 {[%clk 0:56:49]} dxc4 {[%clk 1:04:51]} 16. e4
{[%clk 0:52:53]} Bc6 {[%clk 1:02:29]} 17. Nxc6 {[%clk 0:52:35]} Rxc6 {[%clk
1:02:03]} 18. Rfd1 {[%clk 0:49:10]} Bxc3 {[%clk 0:58:58]} 19. bxc3 {[%clk
0:48:24]} Qa5 {[%clk 0:57:48]} 20. Rab1 {[%clk 0:39:39]} b6 {[%clk 0:54:08]}
21. Rb4 {[%clk 0:34:05]} Qh5 {[%clk 0:51:26]} 22. f3 {[%clk 0:33:57]} Rfc8
{[%clk 0:49:14]} 23. Qa4 {[%clk 0:30:33]} a6 {[%clk 0:25:17]} 24. Rdb1 {[%clk
0:26:32]} b5 {[%clk 0:24:51]} 25. Qc2 {[%clk 0:26:41]} Nd7 {[%clk 0:21:34]} 26.
a4 {[%clk 0:25:44]} bxa4 {[%clk 0:21:50]} 27. Qxa4 {[%clk 0:25:21]} Qh4 {[%clk
0:21:01]} 28. Be3 {[%clk 0:23:15]} Qd8 {[%clk 0:18:57]} 29. Rb7 {[%clk
0:21:38]} Nf8 {[%clk 0:17:08]} 30. Ra7 {[%clk 0:21:20]} Rb8 {[%clk 0:10:58]}
31. Rxb8 {[%clk 0:08:29]} Qxb8 {[%clk 0:11:22]} 32. Qxc6 {[%clk 0:08:56]} Qxa7
{[%clk 0:11:44]} 33. Qxc4 {[%clk 0:09:22]} a5 {[%clk 0:09:00]} 34. Bc1 {[%clk
0:09:47]} Ng6 {[%clk 0:08:12]} 35. Qb5 {[%clk 0:03:04]} Qc7 {[%clk 0:06:53]}
36. Qd3 {[%clk 0:02:15]} Qg3 {[%clk 0:05:29]} 37. Qe3 {[%clk 0:02:35]} Qc7
{[%clk 0:05:15]} 38. Qd3 {[%clk 0:02:03]} Qg3 {[%clk 0:05:37]} 39. Qd2 {[%clk
0:02:13]} a4 {[%clk 0:04:09]} 40. c4 {[%clk 0:01:35]} e5 {[%clk 0:02:47]} 41.
d5 {[%clk 0:27:57]} Nf4 {[%clk 0:28:26]} 42. d6 {[%clk 0:26:32]} Nxh3+ {[%clk
0:28:29]} 43. Kf1 {[%clk 0:26:59]} Qh2 {[%clk 0:28:45]} 44. gxh3 {[%clk
0:27:00]} Qxh3+ {[%clk 0:27:45]} 45. Kf2 {[%clk 0:26:58]} Qh2+ {[%clk 0:27:51]}
46. Ke3 {[%clk 0:23:30]} Qg1+ {[%clk 0:26:38]} 47. Kd3 {[%clk 0:23:42]} Qd4+
{[%clk 0:26:54]} 48. Ke2 {[%clk 0:24:02]} Qxc4+ {[%clk 0:27:17]} 49. Kf2 {[%clk
0:24:24]} Qc5+ {[%clk 0:25:56]} 50. Kg2 {[%clk 0:24:48]} Qc8 {[%clk 0:25:49]}
51. d7 {[%clk 0:25:14]} Qd8 {[%clk 0:26:16]} 52. Ba3 {[%clk 0:25:38]} f6 {[%clk
0:26:28]} 53. Be7 {[%clk 0:26:04]} 1-0